Name the 'Friends' actors. - Statistics

General Stats
  • This quiz has been taken 38 times
  • The average score is 5 of 6
Answer Stats
Character Answer % Correct
Rachel Green Jennifer Aniston
95%
Monica Geller Courtney Cox
89%
Ross Geller David Schwimmer
89%
Chandler Bing Matthew Perry
89%
Joey Tribbiani Matt Le Blanc
89%
Phoebe Buffay Lisa Kudrow
81%
No matching quizzes found
Score Distribution
Percent of People with Each Score
Percentile by Number Answered
Your Score History
You have not taken this quiz